000 00765nam a22002537a 4500
008 130508b xxu||||| |||| 00| 0 eng d
020 _a81-7488-577-3
024 _cAvailable
037 _cAvailable
040 _aMBSTU LIBRARY
_dMBSTU LIBRARY
082 _222
_a341.03 LAE
100 _aLall, Vinod K.
245 _aEncyclopedia of international law vol-1-5
250 _a1st
260 _aNew Delhi
_bAnmal Publisher Private Ltd.
_c2003
300 _a24 cm.
_b237 page
_f16
_g24 cm.
600 _aEncyclopedia of international law.
650 _2Encyclopedia of international law.
700 _aLall, Vinod K.
270 _aNew Delhi
_bNew Delhi
_dIndia
365 _b13600.00
_d13600.00
942 _2ddc
_cBK
999 _c336
_d336